000 00195nam a2200085Ia 4500
008 170620s9999 xx 000 0 und d
100 _aGUPTA- H.P
245 0 _aBANKING LAW
260 _bCENTRAL LAW PUBLICATION
260 _c2014
999 _c30494
_d30494